Медиапланирование для практиков

Библиографические подробности
Главный автор: Бузин В. Н. Валерий Николаевич
Другие авторы: Бузина Т. С. Татьяна Сергеевна
Примечания:Данная книга посвящена важнейшим вопросам медиапланирования, с которыми практики рекламного бизнеса сталкиваются в повседневной работе. До сих пор эта тема оставалась за рамками отечественной профессиональной литературы, что делает представленное издание уникальным. Множество примеров и иллюстраций позволит лучше усвоить пройденный материал, а задачник поможет освоить технологию работы с базами данных TNS/Gallup. Кроме того, в книге приводятся результаты исследований в области запоминания и восприятия рекламных сообщений, а также рассмотрены другие аспекты медиапсихологии. Издание состоит из 4 частей и 5 приложений; рассчитано на специалистов, занимающихся рекламой и работающих в СМИ.
Язык:русский
Опубликовано: Москва, Вершина, 2008
Предметы:
Формат: MixedMaterials Книга
Запись в KOHA:https://koha.lib.tpu.ru/cgi-bin/koha/opac-detail.pl?biblionumber=135606

MARC

LEADER 00000nam0a2200000 4500
001 135606
005 20231031140149.0
010 |a 9785962600819 
035 |a (RuTPU)RU\TPU\book\146962 
035 |a RU\TPU\book\134095 
090 |a 135606 
100 |a 20071025d2008 km y0rusy50 ca 
101 0 |a rus 
102 |a RU 
105 |a a z 001zy 
200 1 |a Медиапланирование для практиков  |f В. Н. Бузин, Т. С. Бузина 
210 |a Москва  |a СПб.  |c Вершина  |d 2008 
215 |a 448 с.  |c ил. 
320 |a Библиография в конце глав. 
330 |a Данная книга посвящена важнейшим вопросам медиапланирования, с которыми практики рекламного бизнеса сталкиваются в повседневной работе. До сих пор эта тема оставалась за рамками отечественной профессиональной литературы, что делает представленное издание уникальным. Множество примеров и иллюстраций позволит лучше усвоить пройденный материал, а задачник поможет освоить технологию работы с базами данных TNS/Gallup. Кроме того, в книге приводятся результаты исследований в области запоминания и восприятия рекламных сообщений, а также рассмотрены другие аспекты медиапсихологии. Издание состоит из 4 частей и 5 приложений; рассчитано на специалистов, занимающихся рекламой и работающих в СМИ. 
451 1 |0 (RuTPU)RU\TPU\book\134095  |y 5-9626-0081-9  |t Медиапланирование для практиков  |f В. Н. Бузин, Т. С. Бузина  |c М.  |c СПб.  |n Вершина  |d 2006  |p 448 с.  |a Бузин, Валерий Николаевич 
610 1 |a экономика 
610 1 |a реклама 
610 1 |a СМИ 
610 1 |a средства массовой информации 
610 1 |a рекламные агентства 
610 1 |a медиапланирование 
610 1 |a рекламные кампании 
610 1 |a телереклама 
610 1 |a радиореклама 
610 1 |a память 
610 1 |a психология 
610 1 |a кодирование 
675 |a 659  |v 3 
700 1 |a Бузин  |b В. Н.  |g Валерий Николаевич 
701 1 |a Бузина  |b Т. С.  |g Татьяна Сергеевна 
801 1 |a RU  |b 63413507  |c 20080414  |g PSBO 
801 2 |a RU  |b 63413507  |c 20090914  |g PSBO 
942 |c BK 
959 |a 39/20080403  |d 1  |e 310,00  |f ЧЗГЛ:1